Estadísticas para Villanos y Antagonistas de Dreamworks

Haz click aquí para intentar la prueba.

Estadísticas generales

  • Esta prueba ha sido intentada 44 veces
  • La puntuación promedio es 16 de 48

Estadísticas de respuestas

PelículaAñoRespuesta% Correcto
Shrek 22004Hada Madrina
64%
Shrek Tercero2007Principe Encantador
64%
Kung Fu Panda2008Tai Lung
64%
El Príncipe de Egipto1998
Faraón Ramses II
50%
Shrek
2001Lord Farquaad
50%
Kung Fu Panda 22011Lord Shen
50%
Madagascar2005Los Fosa
50%
El Origen de los Guardianes2012El Coco
43%
Lo que el agua se llevó2006El Sapo
43%
Kung Fu Panda 32015Kai
43%
Shrek para siempre2010Rumpelstiltskin
43%
Megamente2010Titan
43%
Trolls 22020Barb
36%
Los pingüinos de Madagascar2014Dave / Dr. Octavio Salitre
36%
El Espantatiburones2004
Don Lino
36%
Simbad: La leyenda de los siete mares2003
Eris
36%
Pollitos en fuga2000
Sra. Tweedy
36%
Wallace y Gromit: La batalla de los vegetales2005
Víctor del Bosque/Quartermaine
36%
Vecinos Invasores2006Dwayne / El Exterminador
36%
Antz1998General Mandíbula
36%
El Gato Con Botas 2: El Ultimo Deseo2022Muerte
36%
El camino hacia El Dorado2000Tzekel-Kan
36%
Spirit: El corcel indomable
2002El Coronel
29%
Vecinos Invasores2006Gladys Sharp
29%
Turbo2013Guy Gagné
29%
El Gato con Botas2011Humpty Dumpty
29%
Madagascar 2: Escape de África
2008
Makunga
29%
Como Entrenar a tu Dragón2010Muerte Roja
29%
Vecinos Invasores2006Vincent
29%
Home2015Capitán Smek
21%
Trolls2016Chef
21%
Krakens y sirenas: Conoce a los Gillman2023Chelsea Van Der Zee
21%
Madagascar 3: Los más buscados2012
Chantel DuBois
21%
Bee Movie: La Historia de una Abeja2008
Layton Montgomery
21%
Los Tipos Malos2022
Profesor Mermelada / Professor Rupert Marmalade IV
21%
Las Aventuras del Capitán Calzoncillos2017
Profesor Pipicaca
21%
El Gato Con Botas 2: El Ultimo Deseo2022
Risitos de Oro y los tres osos
21%
José: El rey de los sueños1998
Zuleika
21%
Abominable2019Doctora Zara
21%
Como Entrenar a tu Dragón 2
2014Drago Manodura
21%
Home2015El Gorg
21%
Un jefe en pañales2017Francis Francis
21%
Monstruos vs. Aliens2009Gallaxhar
21%
Como Entrenar a tu Dragón 3: El Mundo Oculto2019Grimmel El Grimoso
21%
El Gato Con Botas 2: El Ultimo Deseo2022Jack Horner
21%
Los Croods 2: Una Nueva Era2020Spiny Mandrilla / El mono gigante
21%
Un jefe en Pañales 2:
Negocios de Familia
2022Dr. Erwin Armstrong
14%
Las aventuras de Peabody y Sherman2014Señorita Grunion
14%

Distribución de puntuación

Porcentaje por número respondido

Porcentaje de gente con cada puntuación

Historial de tus puntuaciones

No has intentado esta prueba.